000 00707nam a22002172 4500
001 0000019573
005 20151217145918.0
008 110111s xx 000 0 eng d
020 _a0132350884 :
040 _aKABU
_cKABU
100 1 _aMartin, Robert C.
_@0000179339
245 1 0 _aClean code :
_ba handbook of agile software craftsmanship /
_cRobert C. Martin.
250 _a1st ed.
260 _aUpper Saddle River, NJ. :
_bPrentice Hall,
_c2009.
300 _axxviii, 431 p.
650 0 _aAgile software development.
_@0000179340
650 0 _aComputer software
_xReliability.
_@0000157065
852 1 _9p985 KES
908 _a110111
950 _@1
999 _c3976
_d3976